000
00282nam a2200097Ia 4500
001
647580
005
20250826153705.0
008
250824s9999 xx 000 0 und d
245
0
_a
Cumhuriyet Dönemi Yazarlarımızdan Çocuklara Hikayeler
_c
Haz.Mehmet Seyda
260
_b
Altın Kitaplar
999
_c
647580
_d
647580